000 00913nas a2200289 4500
001 BR2010002284
003 BR-BrBNA
005 20231205114223.0
007 ta
008 230509b bl.|||p| |||| 00| 00por d
040 _aBR-BrBNA
_bpor
_cBiblioteca Nacional de Agricultura
041 _a(Pt)
072 _aQ04; F08
100 1 _aFreitas, A.A. de
100 1 _aDetoni, A.M.
100 1 _aClemente, E.
100 1 _aOliveira, C.C. de
245 1 _aDeterminação de reeveratrol e características químicas em sucos de uvas produzidas em sistemas orgânico e convencional
650 _aSUCO DE FRUTA
650 _aUVA
650 _aCOMPOSIÇÃO QUÍMICA
650 _aAGRICULTURA ORGÂNICA
650 _aSISTEMA DE CULTIVO
773 0 _tRevista Ceres (Brazil)
_xISSN 0034-737X
_g(Jan-Feb 2010), v. 57(1) p. 1-5
_wBR2010002284
909 _a202311
_bLúcia
_c55
_dLúcia Elande
942 _2AGRIS
_n0
_cANA
999 _c207674
_d207674